Quizzes
Events
Quiz Creation
Community
Videos
Private Events
Remove Ads
Sign In
Join for FREE
Feedback
Dark Mode
Quiz Categories
Sports
Geography
Music
Movies
Television
Just For Fun
Miscellaneous
History
Literature
Language
Science
Gaming
Entertainment
Religion
Holiday
For Kids
Quiz Lab
Recent
Popular Today
Quiz Kudos Today
Editor Picks
Curator Picks
Quizzes by...
Day
Popularity
Type
Ratings
Length
Year
Community
Subscriptions
Recent Discussions
Orange Saloon
Badges
Playlists
Quests
Create
Leaderboards
Showdown
Live 5
Trivia Bingo
Activity
Puzzle Library
Sporcle Events
Private Events
Virtual Trivia
Globe League
Become a Host
Pub Owners
SporcleCon
Opinionation
Our Games
Videos
Blog
Mobile Apps
Partnerships
Remove Ads and Go Orange
Feedback
Sports
Athletes
MLB
NBA
NHL
NFL
Soccer
Sports Teams
WWE
NCAA
Football
Premier League
Basketball
Baseball
Hockey
Golf
Tennis
Cricket
Rugby
Auto Racing
Olympics
World Cup
Sports
Athletes
MLB
NBA
NHL
NFL
Soccer
Sports Teams
WWE
NCAA
Football
Premier League
Basketball
Baseball
Hockey
Golf
Tennis
Cricket
Rugby
Auto Racing
Olympics
World Cup
Random Quiz
Search Sporcle
×
Quiz Lab
Quiz Lab
Sports
NCAA
Type in answers that appear in a list
Type in answers that appear in a list
Classic
Best Score? Go Orange.
Men's DI & DII College Hockey Programs Stats
Can you name all of the Men's Division 1 (and Division 2) Hockey Programs?
By
DFlats425
15m
71 Questions
395 Plays
395 Plays
395 Plays
Comments
Comments
Give Quiz Kudos
Give Quiz Kudos
-
- Ratings
hide this ad
More Info
Replay
Link that replays current quiz
Next Quiz
Link to next quiz in quiz playlist
You Got
0%
They Got
Avg Score
67%
Avg Friend Score
Upgrade to see
Score Distribution
Jump to the score distribution portion of the page
Score
0/71
Timer
15:00
0
Plays Today
Conference
Team
% Correct
Big Ten
University of Michigan Wolverines
96.5%
Hockey East
Boston College Eagles
96.5%
Hockey East
Boston University Terriers
95.4%
Big Ten
University of Minnesota Golden Gophers
94.9%
Big Ten
Michigan State University Spartans
93.7%
Big Ten
Pennsylvania State University Nittany Lions
93.7%
ECAC
Harvard University Crimson
93.2%
Big Ten
Ohio State University Buckeyes
92.2%
ECAC
Yale University Bulldogs
92.2%
NCHC
University of North Dakota Fighting Hawks
91.6%
Big Ten
University of Notre Dame Fighting Irish
91.4%
Big Ten
University of Wisconsin-Madison Badgers
90.6%
NCHC
University of Denver Pioneers
90.1%
Hockey East
University of Massachusetts-Amherst Minutemen
88.1%
Hockey East
University of New Hampshire Wildcats
87.6%
NCHC
Colorado College Tigers
87.3%
ECAC
Cornell University Big Red
87.1%
Hockey East
University of Vermont Catamounts
87.1%
ECAC
Princeton University Tigers
86.8%
Hockey East
University of Maine Black Bears
86.8%
ECAC
Brown University Bears
86.6%
ECAC
Dartmouth College Big Green
85.6%
Hockey East
Providence College Friars
82.3%
NCHC
University of Minnesota Duluth Bulldogs
82.3%
Hockey East
University of Connecticut Huskies
82%
Atlantic Hockey
United States Military Academy (Army) (West Point) Black Knights
81.5%
Atlantic Hockey
United States Air Force Academy Falcons
81%
Hockey East
Northeastern University Huskies
79.2%
NCHC
Western Michigan University Broncos
78.7%
ECAC
Quinnipiac University Bobcats
78.2%
Hockey East
University of Massachusetts-Lowell Riverhawks
78.2%
CCHA
Michigan Technological University Huskies
77%
CCHA
Minnesota State University-Mankato Mavericks
77%
Independent
Long Island University Sharks
76.1%
ECAC
Union College Dutchmen
75.4%
NCHC
Miami University (Ohio) RedHawks
73.9%
Conference
Team
% Correct
Independent
University of Alaska-Anchorage Seawolves
73.9%
NCHC
Arizona State University Sun Devils
73.7%
ECAC
Colgate University Raiders
72.4%
ECAC
Rensselaer Polytechnic Institute Engineers
72.4%
NE10 (Division II)
Saint Anselm College Hawks
72.2%
CCHA
Bowling Green State University Falcons
71.9%
Independent
Lindenwood University Lions
71.8%
Atlantic Hockey
Rochester Institute of Technology Tigers
71.4%
CCHA
Northern Michigan University Wildcats
71.1%
NCHC
University of Nebraska Omaha Mavericks
70.6%
Independent
Stonehill University Skyhawks
69.9%
Independent
University of Alaska-Fairbanks Nanooks
69.4%
CCHA
Lake Superior State University Lakers
67.1%
NE10 (Division II)
Assumption University Greyhounds
66.7%
Atlantic Hockey
College of the Holy Cross Crusaders
66.6%
NCHC
Saint Cloud State University Huskies
66.3%
CCHA
Bemidji State University Beavers
65.8%
Atlantic Hockey
Canisius College Golden Griffins
65.3%
ECAC
Clarkson University Golden Knights
65.3%
CCHA
Ferris State University Bulldogs
64.6%
Hockey East
Merrimack College Warriors
64.1%
Atlantic Hockey
Bentley University Falcons
63.8%
Atlantic Hockey
Niagara University Purple Eagles
63%
CCHA
Augustana University Vikings
62.5%
CCHA
The University of St. Thomas Tommies
62.4%
Atlantic Hockey
Sacred Heart University Pioneers
62.3%
ECAC
Saint Lawrence University Saints
61.3%
Atlantic Hockey
Robert Morris University Colonials
61%
Atlantic Hockey
Mercyhurst University Lakers
59%
Atlantic Hockey
American International College Yellow Jackets
57.7%
Independent
Utica University Pioneers
52.1%
NE10 (Division II)
Post University Eagles
50%
NE10 (Division II)
Franklin Pierce University Ravens
33.3%
NE10 (Division II)
Southern New Hampshire University Penmen
33.3%
NE10 (Division II)
Saint Michael's College Purple Knights
22.2%
Quiz Playlist
Details
Report
Send in Message
Add To Playlist
More Info:
Can you name all Men's Division 1 (and Division 2) Ice Hockey Programs?
Classic:
Type in answers that appear in a list
Last Updated: Dec 8, 2023
Quiz Scoreboard
CHALLENGE
Sign Up to Join the Scoreboard
Show All
Scores
Hide
Comments
May contain spoilers
Recently Published
1-10 Letter E Words III
by El_Dandy
Language
2m
One Thing in Common: World Cities II
by knightlancer
Geography
7m
Popular People in 1961
by mucciniale
History
6m
More to Explore
Quiz From the Vault
Featured Blog Post
Where Did the Easter Bunny Come From?
hide this ad
You Might Also Like...
Tags
College Quiz
Hockey Quiz
NCAA Quiz
College Sports
D1 Hockey
D1 NCAA
Mens Hockey
NCAA Hockey
NCAA Mens
NCAA Sports
University Hockey
USA Hockey
Today's Top Quizzes in Sports
Browse Sports
hide this ad
Today's Top Quizzes in NCAA
Browse NCAA
Top Contributed Quizzes in Sports
1
2022 World Cup Stars
2
Les entraîneurs de l'OM et du PSG au 21e siècle
3
FIFA Club World Cup Champions
4
Criteria MLB: Left Handed Sluggers
5
Les meilleurs buteurs des matchs entre le PSG et l’OM
6
Name the Premier League winners with different clubs
7
Players with Multiple 50 Home Run Seasons
8
MLB Players with Two .350 Batting Average Seasons
9
La finale Lions - Afrique du Sud 2021
10
MLB Hall of Famer by Rings
Explore More
Trending Topics
Crossword
Anime
Kpop
Disney
Harry Potter
Marvel
NBA
WWE
NFL
The Office
Pokémon
Song
Puzzle
Soccer
Country
hide this ad
More By:
DFlats425
Quiz
Plays
Rating
Category
Featured
Created
Men's DI & DII College Hockey Programs
395
4.33
Sports
May 9, 2016
Go to Creator's Profile
Score Distribution
Quiz Creator Spotlight
DFlats425
Follow
Send a Message
Quizzes Created
-
Created Quiz Play Count
-
More By This Creator
Popular Quizzes Today
1
Find the US States - No Outlines Minefield
2
The Countries of the World
3
Popular People in 1961
4
Find the Countries of Europe - No Outlines Minefield
5
1-10 Letter E Words III
6
Find the US States
7
One Thing in Common: World Cities II
8
US States
More Sports Quizzes
Anyone but Arsène Wenger
Published
Trending Quizzes
1-10 Letter F Words
One Thing in Common: Music
1-10 Letter G Words
Risky Map Clicking: Next State Alphabetically
1-10 Letter F Words II
Recently Updated
Leaping Animals
pecheneg
Reality TV Shows (A-Z)
bhenderson79
Rickey Henderson's Hall of Fame Teammates
pecheneg
Champions League XIs: Arsenal
pecheneg
Quick Pick: Celebrities in WWE's Hall of Fame
aduchscher
A-Z Keypad Blitz II
pecheneg
Multiple Oscar Actors
pecheneg
Mystery Phrase Blitz: Oscar 'Best Actors'
pecheneg
F. Scott Fitzgerald Novels
LTH
Pick 3 Villains
ddd62291
Trending Topics
Crossword
Disney
Marvel
Anime
Kpop
Harry Potter
NBA
Pokémon
WWE
NFL
The Office
Song
Country
Puzzle
Soccer
Your Account Isn't Verified!
In order to create a playlist on Sporcle, you need to verify the email address you used during registration. Go to your
Sporcle Settings
to finish the process.
Report this User
Report this user for behavior that violates our
Community Guidelines
.
Details:
Send Report
Go to the Sporcle.com Mobile Site →
Comments